15 Seconds - Planets of the Solar System - Statistics

General Stats
  • This quiz has been taken 60 times
  • The average score is 7 of 8
Answer Stats
Planet % Correct
Mars
100%
Earth
98%
Mercury
98%
Venus
93%
Jupiter
88%
Saturn
85%
Uranus
80%
Neptune
73%
No matching quizzes found
Score Distribution
Percent of People with Each Score
Percentile by Number Answered
Your Score History
You have not taken this quiz